MDQL
is popping MORE tags! Check the
thread
!
Quizzes
Events
Quiz Creation
Community
Videos
Private Events
Remove Ads
Sign In
Join for FREE
Feedback
Dark Mode
Quiz Categories
Sports
Geography
Music
Movies
Television
Just For Fun
Miscellaneous
History
Literature
Language
Science
Gaming
Entertainment
Religion
Holiday
For Kids
Quiz Lab
Recent
Popular Today
Quiz Kudos Today
Editor Picks
Curator Picks
Quizzes by...
Day
Popularity
Type
Ratings
Length
Year
Community
Subscriptions
Recent Discussions
Orange Saloon
Badges
Playlists
Quests
Create
Leaderboards
Showdown
Live 5
Trivia Bingo
Activity
Puzzle Library
Sporcle Events
Private Events
Virtual Trivia
Globe League
Become a Host
Pub Owners
SporcleCon
Opinionation
Our Games
Videos
Blog
Mobile Apps
Partnerships
Remove Ads and Go Orange
Feedback
Music
Pop Music
The Beatles
Song
Album
Lyrics
Bands
Singers
Artist
Clip
Rock
Rap
Classical
Billboard
Country Music
Kpop
Taylor Swift
Music
Pop Music
The Beatles
Song
Album
Lyrics
Bands
Singers
Artist
Clip
Rock
Rap
Classical
Billboard
Country Music
Kpop
Taylor Swift
Random Quiz
Search Sporcle
×
Quiz Lab
Quiz Lab
Music
bass
Type in answers that appear in a list
Type in answers that appear in a list
Classic
Best Score? Go Orange.
Niki Minaj- super bass lyrics (part 2) Stats
Can you name the Niki Minaj- super bass lyrics (part 2)?
By
EmzyKinz
10m
215 Questions
243 Plays
243 Plays
243 Plays
Comments
Comments
Give Quiz Kudos
Give Quiz Kudos
-
- Ratings
hide this ad
Replay
Link that replays current quiz
Next Quiz
Link to next quiz in quiz playlist
You Got
0%
They Got
Avg Score
66%
Avg Friend Score
Upgrade to see
Score Distribution
Jump to the score distribution portion of the page
Score
0/215
Timer
10:00
0
Plays Today
Lyrics
% Correct
the
94.2%
the
94.2%
the
94.2%
and
94.2%
and
94.2%
the
94.2%
the
94.2%
a
94.2%
a
94.2%
a
94.2%
the
94.2%
the
94.2%
and
94.2%
the
94.2%
a
94.2%
and
94.2%
the
94.2%
for
88.1%
for
88.1%
Boy
88.1%
for
88.1%
This
86.4%
is
86%
is
86%
one
84.4%
in
84%
in
84%
in
84%
in
84%
on
83.1%
on
83.1%
he
81.9%
he
81.9%
he
81.9%
he
81.9%
he
81.9%
he
81.9%
he
81.9%
boom
81.5%
boom
81.5%
boom
81.5%
boom
81.5%
boom
81.5%
boom
81.5%
boom
81.5%
boom
81.5%
boys
80.2%
with
78.2%
with
78.2%
with
78.2%
you
77%
you
77%
you
77%
you
77%
got
76.1%
got
76.1%
got
76.1%
got
76.1%
go
75.7%
to
75.3%
to
75.3%
super
75.3%
super
75.3%
to
75.3%
like
74.1%
like
74.1%
like
74.1%
bass
74.1%
bass
74.1%
bass
74.1%
bass
74.1%
that
73.3%
Lyrics
% Correct
that
73.3%
that
73.3%
that
73.3%
that
73.3%
my
71.6%
my
71.6%
i
70.4%
i
70.4%
i
70.4%
i
70.4%
i
70.4%
i
70.4%
i
70.4%
i
70.4%
i
70.4%
i
70.4%
i
70.4%
i
70.4%
i
70.4%
away
69.1%
hear
69.1%
away
69.1%
can
68.7%
heart
68.7%
beat
68.3%
me
67.9%
me
67.9%
me
67.9%
me
67.9%
your
67.5%
your
67.5%
when
65.4%
when
65.4%
am
65.4%
him
65%
him
65%
him
65%
guy
64.2%
runnin
64.2%
runnin
64.2%
drum
63.8%
polos
63.4%
way
63.4%
of
63%
it's
63%
beatin
61.7%
thing
61.3%
guys
61.3%
up
61.3%
up
61.3%
up
61.3%
hell
60.9%
Minaj
60.9%
can't
60.9%
comin
60.5%
know
60.5%
american
60.5%
know
60.5%
don't
59.7%
you're
59.7%
tell
59.7%
you're
59.7%
tell
59.7%
don't
59.7%
Nicki
59.3%
look
58.8%
look
58.8%
think
58.4%
think
58.4%
no
58.4%
no
58.4%
no
58.4%
Lyrics
% Correct
no
58.4%
no
58.4%
no
58.4%
no
58.4%
no
58.4%
no
58.4%
no
58.4%
Yes
58%
yes
58%
better
57.6%
better
57.6%
excuse
57.6%
please
57.6%
who
57.6%
mack
57.2%
mack
57.2%
stay
57.2%
stay
57.2%
somebody
56.4%
life
56.4%
really
56%
need
56%
****
55.6%
did
55.1%
did
55.1%
off
54.7%
off
54.7%
dudes
54.7%
cap
54.3%
even
54.3%
give
54.3%
give
54.3%
touch
53.5%
side
53.5%
panties
53.1%
mean
53.1%
feminine
53.1%
badoom
53.1%
badoom
53.1%
badoom
53.1%
badoom
53.1%
solo
52.3%
just
51.9%
eff
51.4%
put
51%
but
50.6%
back
49.8%
sigh
49.4%
then
47.7%
deuce
47.3%
dolo
46.1%
try
46.1%
yeah
45.3%
coupes
44%
chuck
44%
you'll
44%
eyes
42%
moguls
41.2%
could
40.7%
could
40.7%
his
39.9%
crew
39.9%
his
39.9%
sickenin'
37%
see
37%
ball
36.6%
have
35.8%
that's
33.3%
i'll
25.9%
entrepeneur
21.4%
fiited
3.7%
Quiz Playlist
Details
Report
Send in Message
Add To Playlist
Classic:
Type in answers that appear in a list
Last Updated: Feb 16, 2017
Quiz Scoreboard
CHALLENGE
Sign Up to Join the Scoreboard
Show All
Scores
Hide
Comments
May contain spoilers
Recently Published
Colored Red Africa Blitz
by spor1
Geography
30s
Find the 'City' Movie
by crazypaving
Movies
60s
5x2 Blitz: Bands
by SL_Kpop136
Music
30s
More to Explore
Quiz From the Vault
Featured Blog Post
14 Easter Pick-up Lines to Find Eggs With
hide this ad
You Might Also Like...
Tags
bass
Today's Top Quizzes in Music
Browse Music
hide this ad
Top Contributed Quizzes in Music
1
5X2 Blitz: Bands II
2
5X2 Blitz: The Beatles
3
Taylor Swift All Songs (2024)
4
5X2 Blitz: Billboard
5
5X2 Blitz: Billboard II
6
5X2 Blitz: Album
7
Taylor Swift Logic Puzzle II
8
5X2 Blitz: Singers
9
5X2 Blitz: Rock
10
5X2 Blitz: Lyrics
Explore More
Trending Topics
Crossword
Harry Potter
NBA
Kpop
Marvel
Anime
Disney
WWE
Puzzle
Soccer
Country
NFL
The Office
Song
Pokémon
hide this ad
More By:
EmzyKinz
Quiz
Plays
Rating
Category
Featured
Created
Nicki Minaj- super bass lyrics (part 1)
849
3.00
Music
Dec 4, 2011
I'm a Celebrity get me out of here- Jungle Kings and Queens
268
5.00
Entertainment
Dec 4, 2011
Who framed Roger Rabbit Charactors
253
4.00
Movies
Dec 3, 2011
Niki Minaj- super bass lyrics (part 2)
243
2.00
Music
Dec 4, 2011
Name that Lady Gaga Song
151
5.00
Music
Dec 3, 2011
Go to Creator's Profile
Score Distribution
Quiz Creator Spotlight
EmzyKinz
Follow
Send a Message
Quizzes Created
-
Created Quiz Play Count
-
More By This Creator
Popular Quizzes Today
1
Colored Red Africa Blitz
2
Find the US States - No Outlines Minefield
3
Find the 'City' Movie
4
5x2 Blitz: Bands
5
The Countries of the World
6
Find the US States
7
Find the Countries of Europe - No Outlines Minefield
8
US States
More Music Quizzes
Word Ladder: Pink Floyd - Money
Curator's Pick
Trending Quizzes
Colored Red Europe Blitz I
Colored Red Europe Blitz II
Colored Red Africa Blitz II
Colored Red Europe Blitz III
Colored Red Africa Blitz III
Recently Updated
How Do You Spell That?
pecheneg
Godzilla Movies
pecheneg
Grab Bag: 4-10 Letters
pecheneg
2024 March Madness Bracket
pecheneg
Famous TV Couples
Peacemaker
Champions League XIs: Real Madrid
pecheneg
Largest US Cities 1790-2010
pecheneg
Rides in Walt Disney World
pecheneg
Most Oscar Losses (Acting)
pecheneg
Beyoncé Albums
pecheneg
Trending Topics
NBA
Crossword
Kpop
Anime
Disney
Harry Potter
Marvel
Puzzle
WWE
Country
Song
The Office
NFL
Soccer
Pokémon
Your Account Isn't Verified!
In order to create a playlist on Sporcle, you need to verify the email address you used during registration. Go to your
Sporcle Settings
to finish the process.
Report this User
Report this user for behavior that violates our
Community Guidelines
.
Details:
Send Report
Go to the Sporcle.com Mobile Site →
Comments